| 000 | 00481nam a2200181Ia 4500 | ||
|---|---|---|---|
| 001 | 11577 | ||
| 005 | 20260306162838.0 | ||
| 008 | 260306t2020||||xx |||||||||||||| ||spa|| | ||
| 041 | _aESP | ||
| 082 |
_a985.4 _bE74 |
||
| 100 |
_aErnst & Young _eAUT |
||
| 245 | 0 |
_aAri quepay, aqui nos quedamos: _bhistoria y legado de las familias empresarias arequipeñas |
|
| 260 | _c2020 | ||
| 300 |
_a177 páginas : _c29 cm. |
||
| 650 | _aGEN | ||
| 654 | _aCHU | ||
| 942 |
_cLIB _dJUS _fJUS _2ddc _n |
||
| 999 |
_c11577 _d11577 |
||